| Tag |
First Indicator |
Second Indicator |
Subfields |
| LEADER |
00000cam a2200000 a 4500 |
| 001 |
in00002581908 |
| 005 |
20151201115313.0 |
| 008 |
091117s2010 txuaf b s001 0aeng |
| 010 |
|
|
|a 2009046591
|
| 020 |
|
|
|a 9780896726741 (hardcover : alk. paper)
|
| 020 |
|
|
|a 0896726746 (hardcover : alk. paper)
|
| 035 |
|
|
|a (OCoLC)ocn468231868
|
| 040 |
|
|
|a DLC
|c DLC
|d UtOrBLW
|
| 043 |
|
|
|a n-us-tx
|
| 049 |
|
|
|a TXAM
|
| 050 |
0 |
0 |
|a GV865.C678
|b C73 2010
|
| 082 |
0 |
0 |
|a 796.357092
|a B
|2 22
|
| 100 |
1 |
|
|a Craft, Jerry,
|d 1937-
|
| 245 |
1 |
0 |
|a Our white boy /
|c Jerry Craft, with Kathleen Sullivan ; foreword by Larry Lester.
|
| 264 |
|
1 |
|a Lubbock :
|b Texas Tech University Press,
|c [2010]
|
| 264 |
|
4 |
|c ©2010
|
| 300 |
|
|
|a xxx, 241 pages, 16 unnumbered pages of plates :
|b illustrations ;
|c 24 cm.
|
| 336 |
|
|
|a text
|b txt
|2 rdacontent
|
| 337 |
|
|
|a unmediated
|b n
|2 rdamedia
|
| 338 |
|
|
|a volume
|b nc
|2 rdacarrier
|
| 490 |
1 |
|
|a Sport in the American West
|
| 504 |
|
|
|a Includes bibliographical references and index.
|
| 520 |
|
|
|a Tells the story of Jerry Craft, rancher and former mayor of Jacksboro, Texas, who was the first white man to play in the West Texas Colored League during the summers of 1959 and 1960. Craft was pitcher for the Wichita Falls/Graham Stars, a small, semi-professional, all-black team.
|
| 600 |
1 |
0 |
|a Craft, Jerry,
|d 1937-
|
| 650 |
|
0 |
|a Pitchers (Baseball)
|z Texas
|z West (U.S.)
|v Biography.
|
| 650 |
|
0 |
|a Baseball players
|z Texas
|z West (U.S.)
|v Biography.
|
| 650 |
|
0 |
|a Mayors
|z Texas
|z Jacksboro
|v Biography.
|
| 650 |
|
0 |
|a Negro leagues
|z Texas
|z West (U.S.)
|x History.
|
| 650 |
|
0 |
|a African American baseball players
|z Texas
|z West (U.S.)
|x History.
|
| 650 |
|
0 |
|a Baseball
|z Texas
|z West (U.S.)
|x History.
|
| 651 |
|
0 |
|a Texas, West
|x Race relations.
|
| 700 |
1 |
|
|a Sullivan, Kathleen,
|d 1969-
|
| 830 |
|
0 |
|a Sport in the American West.
|
| 945 |
|
|
|a PromptCat
|
| 946 |
|
|
|a stk
|
| 947 |
|
|
|a A14840290383
|
| 948 |
|
|
|a cataloged
|b h
|c 2010/4/15
|d c
|e dmitchel
|f 1:00:00 pm
|
| 994 |
|
|
|a 92
|b TXA
|
| 999 |
|
|
|a MARS
|
| 999 |
f |
f |
|s 69522465-6e6e-3178-8d2b-b1f877b2ad7b
|i 3638f7e8-5071-3773-8ce5-7197cf5244dc
|t 0
|
| 952 |
f |
f |
|p ric
|a Texas A&M University
|b Rellis Campus
|c Joint Library Facility
|d Remote Storage
|t 0
|e GV865.C678 C73 2010
|h Library of Congress classification
|i unmediated -- volume
|m A14840290383
|
| 998 |
f |
f |
|a GV865.C678 C73 2010
|t 0
|l Remote Storage
|